000 00826nam a2200241Ia 4500
003 OSt
005 20220925203414.0
006 a|||||r|||| 00| 0
007 ta
008 220923b |||||||| |||| 00| 0 eng d
020 _a9780822348061
_c1262.76
037 _bRKBA/ 09-10/ 4674, 25/07/2012, RAJKIRAN BOOK AGENCY
_cGeneral Book
040 _aRTL
_cRTL
_beng
041 _2eng
_aeng
082 _aY31:582.41, Q0
100 _aChu Julie Y.
_9265870
245 0 _aCosmologies of credit
_b Transnational mobility and the politics of destination in China
260 _aDurham
_bDuke University Press
_c2010
300 _axi, 343p
_ccm.
650 _aSociology
942 _hY31:582.41, Q0
_cGB
_2CC
999 _c546274
_d546274